000 00374nam a2200133Ia 4500
008 151213s9999 xx 000 0 und d
100 _aAlon Tomlinson
245 _aSongs of Innocence & Experience by William Black
_cAlon Tomlinson
260 _aHampshire
_bMacwilliam Education
_c1987
300 _a1866 p.
650 _aEnglish
700 _aAlon Tomlinson
999 _c1371
_d1371